Guess The Brand! #20 - Statistics

General Stats
  • This quiz has been taken 35 times
  • The average score is 33 of 70
Answer Stats
Picture Answer % Correct
Goodyear
85%
Folgers
79%
Breaking Bad
76%
Tata
76%
Tom
76%
Home Alone
73%
Jif
73%
Zelda
73%
Make A Wish
70%
Smarties
70%
Afri Cola
67%
Dickies
64%
London Underground
64%
Real Madrid
61%
Sonic
61%
Warheads
61%
Airheads
58%
Arizona
58%
Mustang
58%
Hoover
55%
Saab
55%
Secret
55%
Tumblr
55%
White Castle
55%
York
55%
A Clockwork Orange
52%
Bass Pro Shops
52%
Bronco
52%
Etihad
52%
Juventus
52%
Lollapalooza
52%
NATO
52%
Recycling
52%
Seinfeld
52%
Whataburger
52%
YMCA
52%
Aussie
48%
Tui
48%
Chuck E Cheeses
45%
Costa Coffee
45%
Mccormick
45%
Pandora
45%
Qatar Airways
45%
Mortons
39%
Cirrus
36%
Mighty Ducks
36%
Obama
36%
Star Trek
36%
St Jude
36%
Univision
36%
Zumba
36%
Evernote
33%
Hush Puppies
33%
BBM
30%
Bertolli
30%
Giant Tiger
30%
Google Wave
30%
Mack
30%
Roseart
30%
Stabilo
30%
Brembo
27%
Telia
27%
Lagerfeld
24%
US Army
24%
Akzonobel
21%
Bittorent
21%
Engelbert Strauss
21%
Hootsuite
21%
Human Rights
21%
Parent Advisory
21%
No matching quizzes found
Score Distribution
Percent of People with Each Score
Percentile by Number Answered
Your Score History
You have not taken this quiz